| 000 | 00691nam a2200265Ia 4500 | ||
|---|---|---|---|
| 001 | 27936 | ||
| 005 | 20240114001024.0 | ||
| 007 | ta | ||
| 008 | 060531s 196 g b000 u 465 u | ||
| 040 | _aCotton College,Assam | ||
| 041 | _a465 | ||
| 082 |
_a310 _bB 291 M |
||
| 100 | _aBashaw, W.L. . | ||
| 245 | 0 |
_aMathematics for Statistics / _cW.L. Bashaw. _hTextual Documents |
|
| 250 | _a1st ed. / | ||
| 260 |
_aNew York : _bJohn Wiley & Sons , _cC 1969. |
||
| 300 |
_a326p. ; _c23cm. |
||
| 653 | _aStatistics-Mathematics | ||
| 653 | _aMathematics-Statistics | ||
| 653 | _aG-Statistics | ||
| 942 |
_2ddc _cBK |
||
| 999 |
_c27918 _d27918 |
||